Statistics for Highest AFL Supercoach Scores of all Time

Click here to take the quiz!

General Stats

  • This quiz has been taken 29 times
    (4 since last reset)
  • The average score is 40 of 51

Answer Stats

TeamYearScoreAnswer% Correct
Sydney2022214Callum Mills
100%
West Coast2006200Chris Judd
100%
West Coast2006232Chris Judd
100%
Melbourne2021204Clayton Oliver
100%
Melbourne2020205Clayton Oliver
100%
West Coast2007225Daniel Kerr
100%
West Coast2012215Dean Cox
100%
West Coast2011213Dean Cox
100%
Gold Coast2017210Gary Ablett jnr
100%
Geelong2010203Gary Ablett jnr
100%
Geelong2009206Gary Ablett jnr
100%
Geelong2008254Gary Ablett jnr
100%
Richmond2018219Jack Riewoldt
100%
Richmond2010217Jack Riewoldt
100%
Brisbane2005230Jonathan Brown
100%
Brisbane2006262Jonathan Brown
100%
GWS2018205Josh Kelly
100%
Hawthorn2012236Lance Franklin
100%
Richmond2006247Matthew Richardson
100%
Melbourne2019212Max Gawn
100%
Melbourne2023215Max Gawn
100%
St Kilda2005202Nick Riewoldt
100%
St Kilda2006203Nick Riewoldt
100%
Geelong2016229Patrick Dangerfield
100%
Adelaide2023208Taylor Walker
100%
Bulldogs2020204Tim English
100%
Geelong2020204Tom Hawkins
100%
Brisbane2016204Tom Rockliff
100%
Sydney2009223Adam Goodes
75%
Sydney2005226Adam Goodes
75%
Sydney2005213Barry Hall
75%
Sydney2005203Barry Hall
75%
Sydney2006200Barry Hall
75%
Brisbane2005212Jason Akermanis
75%
Geelong2005245Jimmy Bartel
75%
GWS2019207Stephen Coniglio
75%
St Kilda2007219Fraser Gehrig
50%
GWS2016203Heath Shaw
50%
Richmond2008223Joel Bowden
50%
Bulldogs2019202Josh Dunkley
50%
St Kilda2005204Justin Koschitzke
50%
Hawthorn2005217Luke Hodge
50%
West Coast2010226Mark LeCras
50%
North Melbourne2015221Todd Goldstein
50%
Port Adelaide2005211Warren Tredrea
50%
Port Adelaide2005215Warren Tredrea
50%
Carlton2017208Bryce Gibbs
25%
North Melbourne2008201Corey Jones
25%
Brisbane2007227Josh Drummond
25%
North Melbourne2010217Lindsay Thomas
25%
Collingwood2006202Nathan Buckley
25%

Score Distribution

Percentile by Number Answered

Percent of People with Each Score

Your Score History

You have not taken this quiz since the last reset